01289 a2200217 45000010006000000050017000060080041000230030015000640400040000790800072001192450042001910200022002332500012002552640052002673000019003195050582003380410008009201000022009287000026009508560095009765744620260407155836.0260407a2022 arg spa dAR-UNSa-BCEJYS aAR-UNSa-BCEJYSbspacAR-UNSa-BCEJYS a35.077.3xProcedimiento administrativo (licitación pública...) 10aCurso de procedimiento administrativo a978-987-30-3338-4 a2a. ed. 1aBuenos Aires :bRubinzal-Culzoni Editoresc2022 a515 p.c22 cm. a1. Evolución histórica. Concepto. Constitucionalidad – 2. Los principios del procedimiento administrativo – 3. La tramitación del expediente administrativo – 4. Las partes en el procedimiento administrativo – 5. Vista y acceso a la información – 6. La prueba de las facultades de la administración – 7. La notificación – 8. Los plazos en el procedimiento administrativo y el silencio de la administración – 9. Modos normales y anormales de conclusión del procedimiento administrativo – 10. Los remedios para corregir conductas administrativas  aspa1 aAberastury, Pedro1 aCilurzo, María Rosa41uhttps://biblioeco.unsa.edu.ar/pmb/images/libros/L128779.jpgyImagen de portadaqimage/jpeg